|
|
|
|
| LEADER |
01522nam a2200409 a 4500 |
| 001 |
EBC3385678 |
| 003 |
MiAaPQ |
| 005 |
20200520144314.0 |
| 006 |
m o d | |
| 007 |
cr cn||||||||| |
| 008 |
110609s2011 dcuacd sb 001 0 eng d |
| 010 |
|
|
|z 2011024349
|
| 020 |
|
|
|z 9780881326222
|
| 020 |
|
|
|a 9780881326369 (electronic bk.)
|
| 035 |
|
|
|a (MiAaPQ)EBC3385678
|
| 035 |
|
|
|a (Au-PeEL)EBL3385678
|
| 035 |
|
|
|a (CaPaEBR)ebr10500341
|
| 035 |
|
|
|a (CaONFJC)MIL332166
|
| 035 |
|
|
|a (OCoLC)923328340
|
| 040 |
|
|
|a MiAaPQ
|c MiAaPQ
|d MiAaPQ
|
| 050 |
|
4 |
|a HJ8015
|b .R45 2011
|
| 082 |
0 |
4 |
|a 336.3/4
|2 23
|
| 100 |
1 |
|
|a Reinhart, Carmen M.
|
| 245 |
1 |
2 |
|a A decade of debt
|h [electronic resource] /
|c Carmen M. Reinhart and Kenneth S. Rogoff.
|
| 260 |
|
|
|a Washington, D.C. :
|b Peterson Institute For International Economics,
|c 2011.
|
| 300 |
|
|
|a xix, 157 p. :
|b ill., ports.
|
| 490 |
1 |
|
|a Policy analyses in international economics ;
|v 95
|
| 500 |
|
|
|a "September 2011."
|
| 504 |
|
|
|a Includes bibliographical references and index.
|
| 533 |
|
|
|a Electronic reproduction. Ann Arbor, MI : ProQuest, 2015. Available via World Wide Web. Access may be limited to ProQuest affiliated libraries.
|
| 650 |
|
0 |
|a Debts, Public.
|
| 650 |
|
0 |
|a Finance, Public.
|
| 655 |
|
4 |
|a Electronic books.
|
| 700 |
1 |
|
|a Rogoff, Kenneth S.
|
| 710 |
2 |
|
|a ProQuest (Firm)
|
| 830 |
|
0 |
|a Policy analyses in international economics ;
|v 95.
|
| 856 |
4 |
0 |
|u https://ebookcentral.proquest.com/lib/matrademy/detail.action?docID=3385678
|z Click to View
|